| 000 | 00427cam a22001097a 4500 | ||
|---|---|---|---|
| 008 | 180718b xxu||||| |||| 00| 0 eng d | ||
| 082 | _aZx5442 M278/1976-77 | ||
| 245 |
_aReport of agriculture census, Maharashtra state _cby Department of Agriculture, Maharashtra |
||
| 260 |
_aBombay _bDepartment of Agriculture _c |
||
| 500 | _aContents: Library has 1970-71 and 1976-77(part 1 and 2) | ||
| 700 | _aMaharashtra. Department of Agriculture | ||
| 999 |
_c499360 _d499360 |
||